[Event "2. Bundesliga West 2014/15"]
[Site "Diverse"]
[Date "2015.01.23"]
[Round "6"]
[Board "3"]
[White "Heinzel, Olaf"]
[Black "Anistratov, Dmitrij"]
[Result "1-0"]
[WhiteElo "2374"]
[BlackElo "2305"]
[PlyCount "121"]
[EventDate "2014.10.10"]
[EventType "team"]
[EventRounds "11"]
[EventCountry "AUT"]
[WhiteTeam "Rochade Rum"]
[BlackTeam "Goetzis"]

1.c4 Nf6 2.Nf3 d6 3.g3 g6 4.b3 Bg7 5.Bb2 O-O 6.Bg2 Nc6 7.O-O e5 8.d4 Bd7 9.dxe5 Ng4
10.Nc3 Ngxe5 11.Qd2 Rb8 12.Nxe5 Nxe5 13.Rad1 Bc6 14.Nd5 Bxd5 15.Bxd5 Qe7 16.h3 b6
17.Rfe1 h5 18.f4 Nd7 19.Bxg7 Kxg7 20.e4 a5 21.Bc6 Nc5 22.a3 Kg8 23.b4 Ne6 24.Bd5 Ng7
25.f5 Kh7 26.Qf2 Qf6 27.Rd3 axb4 28.axb4 Rbe8 29.Rf1 gxf5 30.exf5 Re5 31.g4 Qg5 32.Rg3
h4 33.Ra3 Nh5 34.Bc6 f6 35.Re1 Nf4 36.Kh2 Rf7 37.Rxe5 dxe5 38.Qe3 Re7 39.c5 bxc5 40.Qxc5
Rg7 41.Be8 Kh8 42.Qe3 Rg8 43.Bc6 Rd8 44.b5 Qg8 45.Qe1 Qc4 46.Qxh4+ Kg7 47.Qf2 Qb4
48.Ra2 Rd3 49.Bg2 Nxg2 50.Kxg2 Qe4+ 51.Kh2 Rf3 52.Qd2 Rd3 53.Qf2 Rf3 54.Qd2 Re3 55.Qf2
Re1 56.Kg3 Rh1 57.Ra3 Rb1 58.Rc3 Qb7 59.Qc2 Rg1+ 60.Kh4 Qf3 61.Rxf3 1-0

[Event "2. Bundesliga West 2014/15"]
[Site "Diverse"]
[Date "2015.01.23"]
[Round "6"]
[Board "4"]
[White "Mittelberger, Peter"]
[Black "Hengl, Christian"]
[Result "1-0"]
[WhiteElo "2203"]
[BlackElo "2245"]
[PlyCount "63"]
[EventDate "2014.10.10"]
[EventType "team"]
[EventRounds "11"]
[EventCountry "AUT"]
[WhiteTeam "Goetzis"]
[BlackTeam "Rochade Rum"]

1.c4 e5 2.Nc3 Nc6 3.g3 g6 4.Bg2 Bg7 5.e3 d6 6.Nge2 f5 7.O-O Nf6 8.d4 O-O 9.b3 h6 10.dxe5
Nxe5 11.Bb2 Qe7 12.Qc2 c6 13.Rad1 Be6 14.Rfe1 Rad8 15.Nd4 Ne8 16.f4 Nd7 17.e4 Qf7
18.Nxe6 Qxe6 19.exf5 Qxf5 20.Be4 Qc5+ 21.Kh1 g5 22.Bh7+ Kh8 23.Ne4 Qa5 24.Bxg7+ Nxg7
25.fxg5 hxg5 26.b4 Qxb4 27.Bg6 Qa5 28.Nxd6 Qa3 29.Rd3 Qa5 30.Rdd1 Qa3 31.Qg2 g4 32.Nf7+ 1-0

[Event "2. Bundesliga West 2014/15"]
[Site "Diverse"]
[Date "2015.01.23"]
[Round "6"]
[Board "5"]
[White "Jedinger, Andreas"]
[Black "Quintero Ortega, Carlos"]
[Result "0-1"]
[WhiteElo "2105"]
[BlackElo "2190"]
[PlyCount "126"]
[EventDate "2014.10.10"]
[EventType "team"]
[EventRounds "11"]
[EventCountry "AUT"]
[WhiteTeam "Rochade Rum"]
[BlackTeam "Goetzis"]

1.e4 c5 2.Nf3 e6 3.d4 cxd4 4.Nxd4 a6 5.Bd3 g6 6.O-O Bg7 7.Be3 Ne7 8.f4 d5 9.e5 f6
10.exf6 Bxf6 11.Nd2 O-O 12.N2f3 Nbc6 13.c3 b5 14.Qe2 Re8 15.Rae1 Bd7 16.Qf2 Nf5 17.Nxc6
Bxc6 18.Bxf5 exf5 19.Bd4 Re4 20.Bxf6 Qxf6 21.Qb6 Kg7 22.Ne5 Rc8 23.Qa7+ Kg8 24.Qxa6
Qe6 25.Qb6 Bd7 26.Qf2 Be8 27.h4 Qd6 28.a3 Rd8 29.Rd1 d4 30.Rd3 g5 31.Qg3 g4 32.Rfd1
Qh6 33.Rxd4 Rdxd4 34.Rxd4 Re2 35.b4 Qe6 36.Qd3 Qa2 37.Qg3 Qa1+ 38.Kh2 Qf1 39.Nxg4
fxg4 40.Qxg4+ Kf8 41.Qf5+ Kg8 42.Qg5+ Kf8 43.Rd5 Rxg2+ 44.Qxg2 Qxg2+ 45.Kxg2 Bc6 46.c4
bxc4 47.Kf2 Bxd5 48.Ke3 Bc6 49.Kd4 Bb5 50.a4 Bxa4 51.Kxc4 Kf7 52.Kd5 Kf6 53.Ke4 Bc6+
54.Ke3 h5 55.Kf2 Kf5 56.Kg3 Be4 57.b5 Bd5 58.b6 Bb7 59.Kh3 Kxf4 60.Kh2 Kg4 61.Kg1
Kxh4 62.Kh2 Kg4 63.Kg1 Kg3 0-1

[Event "2. Bundesliga West 2014/15"]
[Site "Diverse"]
[Date "2015.01.23"]
[Round "6"]
[Board "6"]
[White "Kranz, Armin"]
[Black "Hoellrigl, Wilfried"]
[Result "0-1"]
[WhiteElo "2131"]
[BlackElo "2153"]
[PlyCount "96"]
[EventDate "2014.10.10"]
[EventType "team"]
[EventRounds "11"]
[EventCountry "AUT"]
[WhiteTeam "Goetzis"]
[BlackTeam "Rochade Rum"]

1.d4 Nf6 2.Nf3 g6 3.c4 c5 4.d5 b5 5.cxb5 a6 6.b6 d6 7.Nc3 Qxb6 8.e4 Bg7 9.Nd2 O-O
10.Nc4 Qd8 11.Be2 Nbd7 12.O-O Nb6 13.Ne3 e6 14.a4 exd5 15.Nexd5 Nbxd5 16.exd5 Rb8
17.Re1 Re8 18.Bf3 Rxe1+ 19.Qxe1 Bf5 20.Qe2 Qa5 21.h3 h5 22.Be3 Qb6 23.Bc1 Re8 24.Be3
Qa5 25.Qd2 Qb4 26.Qe2 c4 27.a5 Bd3 28.Qd2 Nd7 29.Be2 Bxe2 30.Ra4 Bxc3 31.Rxb4 Bxd2
32.Bxd2 Rb8 33.Rxb8+ Nxb8 34.Bb4 Nd7 35.Bxd6 Nf6 36.f3 Nxd5 37.Kf2 Bd3 38.g4 hxg4
39.hxg4 f6 40.f4 Kf7 41.Kf3 Ke6 42.Bf8 f5 43.gxf5+ gxf5 44.Bg7 Kd7 45.Be5 Kc6 46.Kf2
Kb5 47.Ke1 Kxa5 48.Kd2 Be4 0-1

[Event "2. Bundesliga West 2014/15"]
[Site "Diverse"]
[Date "2015.01.23"]
[Round "6"]
[Board "1"]
[White "Bayer, Bernhard"]
[Black "Graf, Felix"]
[Result "0-1"]
[WhiteElo "2441"]
[BlackElo "2478"]
[PlyCount "74"]
[EventDate "2014.10.10"]
[EventType "team"]
[EventRounds "11"]
[EventCountry "AUT"]
[WhiteTeam "Schwaz"]
[BlackTeam "Bregenz"]

1.d4 Nf6 2.Nf3 e6 3.Bf4 b6 4.h3 Bb7 5.e3 Bd6 6.Bxd6 cxd6 7.Be2 Ne4 8.O-O O-O 9.Nfd2
d5 10.Nxe4 dxe4 11.c4 f5 12.Nc3 Nc6 13.f4 exf3 14.Bxf3 Na5 15.Bxb7 Nxb7 16.Qf3 Na5
17.b3 Rc8 18.Rac1 Qe7 19.Rfd1 a6 20.e4 b5 21.cxb5 fxe4 22.Qxe4 axb5 23.Nxb5 Rxc1 24.Rxc1
Qg5 25.Rc5 Qd2 26.Rc2 Qb4 27.Nc3 Nc6 28.d5 Qc5+ 29.Kh2 Qd6+ 30.Kg1 Qc5+ 31.Kh2 Nb4
32.Rc1 Nxd5 33.Qe5 Rf2 34.Ne2 Rxg2+ 35.Kh1 Qf2 36.Rc8+ Kf7 37.Qh5+ Rg6 0-1

[Event "2. Bundesliga West 2014/15"]
[Site "Diverse"]
[Date "2015.01.23"]
[Round "6"]
[Board "2"]
[White "Jorczik, Julian"]
[Black "Panteleev, Petar"]
[Result "1-0"]
[WhiteElo "2385"]
[BlackElo "2239"]
[PlyCount "75"]
[EventDate "2014.10.10"]
[EventType "team"]
[EventRounds "11"]
[EventCountry "AUT"]
[WhiteTeam "Bregenz"]
[BlackTeam "Schwaz"]

1.d4 Nf6 2.c4 g6 3.Nc3 Bg7 4.e4 O-O 5.Nf3 d6 6.Be2 c5 7.d5 e6 8.Nd2 a6 9.a4 a5 10.g4
Na6 11.h4 Nb4 12.f3 h5 13.g5 Nh7 14.Nf1 f6 15.f4 fxg5 16.hxg5 e5 17.fxe5 Bxe5 18.Be3
Nxg5 19.Rg1 Bg4 20.Bxg4 hxg4 21.Qxg4 Nf3+ 22.Kd1 Nxg1 23.Qxg6+ Bg7 24.Qxg1 Qf6 25.Nd2
Nd3 26.Kc2 Nxb2 27.Ra3 Nxa4 28.Nxa4 b5 29.cxb5 Rab8 30.Rb3 c4 31.Nxc4 Rfc8 32.Kd3
Qf3 33.Nd2 Qh3 34.Qg6 Kh8 35.b6 Qd7 36.Rb1 Qh3 37.Rg1 Rb7 38.Rg5 1-0

[Event "2. Bundesliga West 2014/15"]
[Site "Diverse"]
[Date "2015.01.23"]
[Round "6"]
[Board "3"]
[White "Gruber, Michael"]
[Black "Weindl, Alfred"]
[Result "1/2-1/2"]
[WhiteElo "2196"]
[BlackElo "2331"]
[PlyCount "52"]
[EventDate "2014.10.10"]
[EventType "team"]
[EventRounds "11"]
[EventCountry "AUT"]
[WhiteTeam "Schwaz"]
[BlackTeam "Bregenz"]

1.e4 c5 2.Nf3 Nc6 3.d4 cxd4 4.Nxd4 Nf6 5.Nc3 d6 6.g3 e6 7.Bg2 Be7 8.O-O O-O 9.h3 Bd7
10.Kh2 Nxd4 11.Qxd4 Bc6 12.Be3 Qc7 13.Rad1 b5 14.a3 a5 15.b4 Rfc8 16.Qb6 Qxb6 17.Bxb6
axb4 18.axb4 Nd7 19.Bd4 Ne5 20.f4 Nc4 21.Rf3 e5 22.Bf2 exf4 23.gxf4 Na3 24.Rd2 Nc4
25.Rd1 Na3 26.Rd2 Nc4 1/2-1/2

[Event "2. Bundesliga West 2014/15"]
[Site "Diverse"]
[Date "2015.01.23"]
[Round "6"]
[Board "4"]
[White "Bezler, Rainer"]
[Black "Binder, Moriz"]
[Result "1/2-1/2"]
[WhiteElo "2215"]
[BlackElo "2146"]
[PlyCount "60"]
[EventDate "2014.10.10"]
[EventType "team"]
[EventRounds "11"]
[EventCountry "AUT"]
[WhiteTeam "Bregenz"]
[BlackTeam "Schwaz"]

1.e4 e5 2.Nf3 Nc6 3.Bb5 a6 4.Ba4 Nf6 5.O-O Be7 6.Re1 b5 7.Bb3 d6 8.h3 O-O 9.c3 Nb8
10.d4 Nbd7 11.Nbd2 Bb7 12.Bc2 Re8 13.Nf1 Bf8 14.Ng3 h6 15.Nh4 exd4 16.Qxd4 c5 17.Qd1
d5 18.exd5 Nxd5 19.Nf3 N7f6 20.a4 Qc7 21.axb5 axb5 22.Rxa8 Rxa8 23.Ne4 Rd8 24.Qe2
Nxe4 25.Bxe4 Nf6 26.Bxb7 Qxb7 27.c4 Re8 28.Qc2 Rxe1+ 29.Nxe1 bxc4 30.Qxc4 Qe4 1/2-1/2

[Event "2. Bundesliga West 2014/15"]
[Site "Diverse"]
[Date "2015.01.23"]
[Round "6"]
[Board "5"]
[White "Streiter, Gerhard"]
[Black "Poettinger, Harald"]
[Result "1/2-1/2"]
[WhiteElo "1986"]
[BlackElo "2212"]
[PlyCount "60"]
[EventDate "2014.10.10"]
[EventType "team"]
[EventRounds "11"]
[EventCountry "AUT"]
[WhiteTeam "Schwaz"]
[BlackTeam "Bregenz"]

1.e4 d6 2.d4 Nf6 3.Nc3 e5 4.Nf3 Nbd7 5.Bc4 Be7 6.a4 O-O 7.O-O c6 8.h3 h6 9.Re1 Re8
10.Be3 Qc7 11.Ba2 Nf8 12.d5 Ng6 13.Qd3 c5 14.Bc4 Rf8 15.Nd2 Nh5 16.f3 Ngf4 17.Bxf4
Nxf4 18.Qf1 Bh4 19.Red1 Qe7 20.Ne2 Qg5 21.Nxf4 Qxf4 22.Qe2 Qg5 23.Kh1 Bg3 24.Nf1 h5
25.Nxg3 Qxg3 26.Qe1 Qf4 27.Qd2 Qg3 28.Qe1 Qf4 29.Qd2 Qg3 30.Qe1 Qf4 1/2-1/2

[Event "2. Bundesliga West 2014/15"]
[Site "Diverse"]
[Date "2015.01.23"]
[Round "6"]
[Board "6"]
[White "Mira, Helene"]
[Black "Ranner, Stefan"]
[Result "1-0"]
[WhiteElo "2049"]
[BlackElo "1844"]
[PlyCount "67"]
[EventDate "2014.10.10"]
[EventType "team"]
[EventRounds "11"]
[EventCountry "AUT"]
[WhiteTeam "Bregenz"]
[BlackTeam "Schwaz"]

1.Nf3 Nf6 2.c4 c5 3.Nc3 Nc6 4.d4 cxd4 5.Nxd4 g6 6.e4 Bg7 7.Nxc6 dxc6 8.Qxd8+ Kxd8
9.Bf4 Nh5 10.O-O-O+ Bd7 11.Be3 Kc7 12.Be2 Rad8 13.Bxa7 Nf4 14.Bf1 Be6 15.Be3 Rxd1+
16.Nxd1 Nh5 17.Be2 Ra8 18.Kb1 b5 19.cxb5 cxb5 20.b3 Bd7 21.g4 Nf6 22.f3 Ne8 23.Nb2
f5 24.Rc1+ Kb7 25.exf5 gxf5 26.Nd3 Nc7 27.Nc5+ Kc8 28.Nxd7 Kxd7 29.Bb6 Nd5 30.Bxb5+
Kd6 31.Bc5+ Ke5 32.Bc6 Rd8 33.Bxd5 Rxd5 34.Ba3 1-0

[Event "2. Bundesliga West 2014/15"]
[Site "Diverse"]
[Date "2015.01.23"]
[Round "6"]
[Board "1"]
[White "Zelcic, Robert"]
[Black "Froewis, Georg"]
[Result "1-0"]
[WhiteElo "2553"]
[BlackElo "2434"]
[PlyCount "61"]
[EventDate "2014.10.10"]
[EventType "team"]
[EventRounds "11"]
[EventCountry "AUT"]
[WhiteTeam "Schwarzach"]
[BlackTeam "Hohenems II"]

1.e4 e6 2.d4 d5 3.Nc3 Bb4 4.Qd3 dxe4 5.Qxe4 Nf6 6.Qh4 b6 7.Bg5 Bb7 8.Nge2 Be7 9.O-O-O
h6 10.Qh3 Nbd7 11.Ng3 O-O 12.Be3 Qc8 13.Bd3 c5 14.d5 Nxd5 15.Nxd5 Bxd5 16.Bxh6 gxh6
17.Qxh6 f5 18.Qg6+ Kh8 19.Nh5 Bf6 20.Bxf5 exf5 21.Rxd5 Qc6 22.Nf4 Qb5 23.b3 Ne5 24.Qxf5
Rae8 25.Ng6+ Kg7 26.Nxf8 Qa5 27.Rxe5 Bxe5 28.Ne6+ Rxe6 29.Qxe6 Qc3 30.Qg4+ Kf6 31.Qf3+ 1-0

[Event "2. Bundesliga West 2014/15"]
[Site "Diverse"]
[Date "2015.01.23"]
[Round "6"]
[Board "2"]
[White "Baldauf, Marco"]
[Black "Krstic, Uros"]
[Result "1/2-1/2"]
[WhiteElo "2420"]
[BlackElo "2428"]
[PlyCount "107"]
[EventDate "2014.10.10"]
[EventType "team"]
[EventRounds "11"]
[EventCountry "AUT"]
[WhiteTeam "Hohenems II"]
[BlackTeam "Schwarzach"]

1.d4 d6 2.e4 Nf6 3.Nc3 c6 4.f4 Qa5 5.Bd3 e5 6.Nf3 Bg4 7.Be3 Nbd7 8.O-O Be7 9.Qe1 Bxf3
10.gxf3 exd4 11.Bxd4 Nh5 12.Be3 O-O 13.Ne2 Qxe1 14.Raxe1 Bh4 15.Rd1 Nb6 16.Kg2 g6
17.Ng3 Ng7 18.c3 Rfe8 19.Bc2 Rad8 20.Bb3 Ne6 21.a3 Nc5 22.Ba2 Nca4 23.Bc1 d5 24.Kh3
Bf6 25.Rd3 Nc5 26.Re3 Bg7 27.Re2 Nd3 28.Bb1 Nxc1 29.Rxc1 Bh6 30.Kg4 Nd7 31.Rce1 Nf6+
32.Kh3 Bxf4 33.exd5 Rxe2 34.Rxe2 cxd5 35.Kg2 Kf8 36.h3 Bxg3 37.Kxg3 Nh5+ 38.Kg4 h6
39.f4 Rd6 40.Ba2 Rf6 41.Rf2 Re6 42.Kf3 Re4 43.f5 Re5 44.fxg6 fxg6 45.Rd2 Nf6 46.Rd4
Ke7 47.Ra4 a6 48.Rb4 b5 49.Bb1 g5 50.a4 Re1 51.Bg6 bxa4 52.Rxa4 Re6 53.Bd3 Rb6 54.b4 1/2-1/2

[Event "2. Bundesliga West 2014/15"]
[Site "Diverse"]
[Date "2015.01.23"]
[Round "6"]
[Board "3"]
[White "Brumen, Dinko"]
[Black "Kessler, Luca"]
[Result "1-0"]
[WhiteElo "2359"]
[BlackElo "2324"]
[PlyCount "77"]
[EventDate "2014.10.10"]
[EventType "team"]
[EventRounds "11"]
[EventCountry "AUT"]
[WhiteTeam "Schwarzach"]
[BlackTeam "Hohenems II"]

1.d4 Nf6 2.Bg5 Ne4 3.Bf4 d6 4.f3 Nf6 5.e4 Nbd7 6.Bc4 e5 7.Be3 Be7 8.Ne2 c6 9.O-O O-O
10.a4 d5 11.exd5 Nb6 12.Bb3 Nbxd5 13.Bf2 exd4 14.Nxd4 Bd6 15.Kh1 Qc7 16.c4 Nb4 17.Bg1
Bd7 18.Nc3 Rad8 19.Ne4 Nxe4 20.fxe4 a5 21.Qh5 g6 22.Qg5 c5 23.Nb5 Bxb5 24.cxb5 Qe7
25.Qh6 Be5 26.Rf3 Bg7 27.Qh3 Kh8 28.Raf1 f6 29.Be3 h5 30.g4 Qxe4 31.gxh5 g5 32.h6
Rd3 33.hxg7+ Kxg7 34.Bxc5 Rh8 35.Qg2 Rxf3 36.Qxf3 Qe5 37.Bg1 Re8 38.Qxb7+ Re7 39.Qf3 1-0

[Event "2. Bundesliga West 2014/15"]
[Site "Diverse"]
[Date "2015.01.23"]
[Round "6"]
[Board "4"]
[White "Novkovic, Milan"]
[Black "Roeberg, Frank"]
[Result "1/2-1/2"]
[WhiteElo "2380"]
[BlackElo "2249"]
[PlyCount "63"]
[EventDate "2014.10.10"]
[EventType "team"]
[EventRounds "11"]
[EventCountry "AUT"]
[WhiteTeam "Hohenems II"]
[BlackTeam "Schwarzach"]

1.Nf3 c5 2.c4 g6 3.d4 cxd4 4.Nxd4 Bg7 5.e4 Nc6 6.Be3 d6 7.Nc3 Nf6 8.Be2 O-O 9.O-O
Bd7 10.Rc1 Nxd4 11.Bxd4 Bc6 12.f3 a5 13.b3 Nd7 14.Be3 Nc5 15.Qd2 Qb6 16.Nd5 Bxd5 17.cxd5
Qb4 18.Rc4 Qxd2 19.Bxd2 b5 20.Rc2 b4 21.Rb1 Rfb8 22.Rc4 h5 23.Kf1 Kh7 24.Be3 Rc8 25.Rbc1
Bc3 26.Bxc5 dxc5 27.a4 Kg7 28.h4 f6 29.g3 g5 30.hxg5 fxg5 31.Kg2 Bd4 32.R4c2 1/2-1/2

[Event "2. Bundesliga West 2014/15"]
[Site "Diverse"]
[Date "2015.01.23"]
[Round "6"]
[Board "5"]
[White "Ljubic, Juro"]
[Black "Sandholzer, Robert"]
[Result "0-1"]
[WhiteElo "2213"]
[BlackElo "2175"]
[PlyCount "84"]
[EventDate "2014.10.10"]
[EventType "team"]
[EventRounds "11"]
[EventCountry "AUT"]
[WhiteTeam "Schwarzach"]
[BlackTeam "Hohenems II"]

1.e4 c6 2.Nc3 d5 3.Nf3 Bg4 4.h3 Bxf3 5.Qxf3 Nf6 6.d3 e6 7.Bd2 Bb4 8.e5 Nfd7 9.Qg3
Kf8 10.Be2 Be7 11.O-O-O b5 12.Rdf1 a5 13.f4 f5 14.exf6 Bxf6 15.Bg4 Nc5 16.Qf2 Qd6
17.d4 Nb7 18.Re1 Nd8 19.f5 e5 20.dxe5 Bxe5 21.Qe2 Nd7 22.f6 gxf6 23.Bh6+ Ke7 24.Qd3
Ne6 25.Bxe6 Qxe6 26.Bg7 Rhg8 27.Qxh7 Kd6 28.Bh6 Rh8 29.Qg6 Rag8 30.Bg7 Qe7 31.g4 Qxg7
32.Qd3 Bxc3 33.Qxc3 b4 34.Re6+ Kxe6 35.Qxc6+ Ke7 36.Re1+ Ne5 37.Qb7+ Kf8 38.Qa8+ Kf7
39.Qxd5+ Kg6 40.g5 Qd7 41.Qg2 Qxh3 42.Qd5 Rd8 0-1

[Event "2. Bundesliga West 2014/15"]
[Site "Diverse"]
[Date "2015.01.23"]
[Round "6"]
[Board "6"]
[White "Hofer, Emilian"]
[Black "Stoeckl, Norbert"]
[Result "1-0"]
[WhiteElo "2219"]
[BlackElo "2094"]
[PlyCount "41"]
[EventDate "2014.10.10"]
[EventType "team"]
[EventRounds "11"]
[EventCountry "AUT"]
[WhiteTeam "Hohenems II"]
[BlackTeam "Schwarzach"]

1.e4 c5 2.Nf3 e6 3.d4 cxd4 4.Nxd4 a6 5.Bd3 Nc6 6.Nxc6 dxc6 7.O-O e5 8.f4 Nf6 9.Kh1
Bc5 10.Qf3 Ng4 11.Qg3 h5 12.f5 Qd4 13.Nc3 Nf2+ 14.Rxf2 Qxf2 15.Qxe5+ Kf8 16.Bg5 b6
17.Qc7 Bxf5 18.exf5 Re8 19.Rf1 Qd4 20.f6 Rg8 21.fxg7+ 1-0

[Event "2. Bundesliga West 2014/15"]
[Site "Diverse"]
[Date "2015.01.23"]
[Round "6"]
[Board "1"]
[White "Medvegy, Zoltan"]
[Black "Perunovic, Milos"]
[Result "0-1"]
[WhiteElo "2526"]
[BlackElo "2632"]
[PlyCount "78"]
[EventDate "2014.10.10"]
[EventType "team"]
[EventRounds "11"]
[EventCountry "AUT"]
[WhiteTeam "Ranshofen"]
[BlackTeam "Dornbirn"]

1.d4 Nf6 2.c4 e6 3.Nc3 Bb4 4.Qc2 d5 5.cxd5 exd5 6.Bg5 c5 7.dxc5 h6 8.Bh4 O-O 9.e3
Be6 10.Nf3 Nbd7 11.a3 Bxc3+ 12.Qxc3 g5 13.Bg3 Ne4 14.Qc2 Rc8 15.Nd4 Ndxc5 16.Bd3 h5
17.Qe2 h4 18.Be5 Bg4 19.f3 Bh5 20.g4 Nxd3+ 21.Qxd3 Nc5 22.Qf5 Bg6 23.Bf6 Qb6 24.Qxg5
Nd7 25.Nf5 Qxf6 26.Qxf6 Nxf6 27.Ne7+ Kg7 28.Nxc8 Rxc8 29.O-O Nd7 30.Rad1 Nb6 31.Rf2
Nc4 32.Re2 Rc5 33.Kf2 Rb5 34.a4 Rb3 35.Rxd5 Bd3 36.Re1 Rxb2+ 37.Kg1 Nd2 38.Rxd3 Nxf3+
39.Kf1 Nxh2+ 0-1

[Event "2. Bundesliga West 2014/15"]
[Site "Diverse"]
[Date "2015.01.23"]
[Round "6"]
[Board "2"]
[White "Milanovic, Danilo"]
[Black "Konnyu, Janos"]
[Result "0-1"]
[WhiteElo "2471"]
[BlackElo "2339"]
[PlyCount "92"]
[EventDate "2014.10.10"]
[EventType "team"]
[EventRounds "11"]
[EventCountry "AUT"]
[WhiteTeam "Dornbirn"]
[BlackTeam "Ranshofen"]

1.d4 Nf6 2.c4 g6 3.Nc3 Bg7 4.e4 d6 5.Nge2 O-O 6.Ng3 e5 7.d5 a5 8.Be2 Na6 9.h4 c6 10.h5
Nc5 11.Be3 cxd5 12.cxd5 Qb6 13.Qd2 a4 14.Rb1 Bd7 15.h6 Bh8 16.O-O Qb4 17.f4 a3 18.fxe5
Ng4 19.bxa3 Qxa3 20.Bxg4 Bxg4 21.Bd4 dxe5 22.Bf2 Rfc8 23.Be1 Ra6 24.Qg5 Bd7 25.Qe7
Be8 26.Rf3 Qa5 27.Nb5 Qd8 28.Qxd8 Rxd8 29.Nc7 Rxa2 30.Bf2 Nd7 31.Nxe8 Rxe8 32.Rxb7
Nf6 33.Be3 Ng4 34.Nf1 Ra1 35.Rbxf7 Nxe3 36.g4 Nxg4 37.d6 Rd1 38.Re7 Rd8 39.Rff7 Nxh6
40.Rxh7 Ng4 41.d7 Nf6 42.Rh6 Kf8 43.Rxe5 Kg7 44.Rh3 R8xd7 45.Rg3 Rf7 46.Kg2 Rxf1 0-1

[Event "2. Bundesliga West 2014/15"]
[Site "Diverse"]
[Date "2015.01.23"]
[Round "6"]
[Board "3"]
[White "Dovzik, Juri"]
[Black "Sergeev, Vladimir"]
[Result "0-1"]
[WhiteElo "2303"]
[BlackElo "2448"]
[PlyCount "65"]
[EventDate "2014.10.10"]
[EventType "team"]
[EventRounds "11"]
[EventCountry "AUT"]
[WhiteTeam "Ranshofen"]
[BlackTeam "Dornbirn"]

1.e4 Nf6 2.e5 Nd5 3.d4 c6 4.Nf3 d6 5.Be2 Bg4 6.O-O Bxf3 7.Bxf3 dxe5 8.dxe5 e6 9.b3
Nd7 10.Qe2 Qc7 11.Bb2 Nf4 12.Qe4 Ng6 13.Re1 Rd8 14.Bh5 Bc5 15.g3 O-O 16.Re2 Ndxe5
17.Bxe5 Nxe5 18.Nd2 f5 19.Qf4 Bd4 20.Rc1 Qe7 21.h4 Qf6 22.Nf3 Nxf3+ 23.Bxf3 e5 24.Qg5
Qxg5 25.hxg5 e4 26.Bg2 Bc3 27.g4 fxg4 28.Rxe4 Bd4 29.Rxg4 Rxf2 30.Rxd4 Rxg2+ 31.Kxg2
Rxd4 32.Kf3 Kf7 33.Rf1 0-1

[Event "2. Bundesliga West 2014/15"]
[Site "Diverse"]
[Date "2015.01.23"]
[Round "6"]
[Board "4"]
[White "Drabke, Lorenz"]
[Black "Ager, Josef"]
[Result "1-0"]
[WhiteElo "2462"]
[BlackElo "2109"]
[PlyCount "75"]
[EventDate "2014.10.10"]
[EventType "team"]
[EventRounds "11"]
[EventCountry "AUT"]
[WhiteTeam "Dornbirn"]
[BlackTeam "Ranshofen"]

1.e4 d6 2.d4 Nf6 3.Nc3 e5 4.Nge2 Be7 5.g3 O-O 6.Bg2 c6 7.O-O Nbd7 8.h3 Re8 9.Be3 Bf8
10.g4 Nb6 11.b3 h5 12.g5 Nh7 13.h4 Bg4 14.f3 Be6 15.f4 Bg4 16.Bf3 Bxf3 17.Rxf3 exd4
18.Qxd4 g6 19.Rd1 Rc8 20.f5 d5 21.exd5 Nxd5 22.fxg6 fxg6 23.Qd3 Qd6 24.Nxd5 cxd5 25.Nf4
Rc6 26.Nxd5 Qe6 27.Nf6+ Nxf6 28.Qxg6+ Kh8 29.gxf6 Qg4+ 30.Qxg4 hxg4 31.Bd4 Re4 32.Rf2
g3 33.Rf3 Rxh4 34.c3 Rg4 35.Kg2 Kh7 36.Rh1+ Kg6 37.Rh8 Rc8 38.Rg8+ 1-0

[Event "2. Bundesliga West 2014/15"]
[Site "Diverse"]
[Date "2015.01.23"]
[Round "6"]
[Board "5"]
[White "Knechtel, Roland"]
[Black "Leutwyler, Martin"]
[Result "1-0"]
[WhiteElo "2258"]
[BlackElo "2190"]
[PlyCount "117"]
[EventDate "2014.10.10"]
[EventType "team"]
[EventRounds "11"]
[EventCountry "AUT"]
[WhiteTeam "Ranshofen"]
[BlackTeam "Dornbirn"]

1.d4 d5 2.c4 c6 3.Nf3 Nf6 4.Nc3 dxc4 5.a4 Bf5 6.Ne5 Na6 7.f3 Nd7 8.Nxc4 e5 9.Nxe5
Nxe5 10.dxe5 Qa5 11.e4 Rd8 12.Bd2 Qxe5 13.Bxa6 bxa6 14.Qe2 Bc8 15.O-O Bb4 16.Be3 Bxc3
17.bxc3 O-O 18.Bd4 Qc7 19.Qe3 Rd7 20.f4 Re8 21.Qg3 f6 22.Bxf6 Rxe4 23.Rae1 Rxe1 24.Rxe1
g6 25.Qe3 Rf7 26.Be5 Qe7 27.Qd2 Qd7 28.Qc1 c5 29.Rd1 Qc6 30.Rd6 Qe4 31.Qd2 Rd7 32.h3
Rxd6 33.Qxd6 Bb7 34.Qe6+ Kf8 35.Bd6+ Kg7 36.Qxe4 Bxe4 37.Bxc5 a5 38.Bxa7 Bc6 39.Bb6
Bxa4 40.Bxa5 Bb3 41.Kf2 Kf6 42.Ke3 h5 43.Kd4 Ke6 44.c4 Ba4 45.Kc5 Bc2 46.g3 Be4 47.Kb6
Bg2 48.Kc7 Bxh3 49.Bb4 Kf5 50.Kd6 h4 51.gxh4 Kxf4 52.Bd2+ Ke4 53.c5 Kd4 54.c6 Kc4
55.c7 Kb5 56.Ke7 Kc6 57.Bf4 Kb7 58.Kf6 Bf5 59.h5 1-0

[Event "2. Bundesliga West 2014/15"]
[Site "Diverse"]
[Date "2015.01.23"]
[Round "6"]
[Board "6"]
[White "Kanonier, Clemens"]
[Black "Kuecher, Wolfgang"]
[Result "1/2-1/2"]
[WhiteElo "2117"]
[BlackElo "2077"]
[PlyCount "85"]
[EventDate "2014.10.10"]
[EventType "team"]
[EventRounds "11"]
[EventCountry "AUT"]
[WhiteTeam "Dornbirn"]
[BlackTeam "Ranshofen"]

1.e4 g6 2.d4 Bg7 3.Nc3 d6 4.Be3 a6 5.f4 b5 6.Bd3 Bb7 7.Nf3 Nd7 8.e5 e6 9.Ne4 Nb6 10.O-O
Ne7 11.c3 Nf5 12.Bf2 h5 13.Qe2 Nd5 14.Qd2 Nb6 15.Nfg5 Qe7 16.Qe2 Nd7 17.a4 c6 18.exd6
Nxd6 19.Nxd6+ Qxd6 20.f5 gxf5 21.Bxf5 Nf8 22.Bh3 Qe7 23.Ne4 Ng6 24.Bg3 Rd8 25.Nc5
Bc8 26.axb5 axb5 27.Qf3 Rd5 28.Kh1 O-O 29.Rae1 Qg5 30.Ne4 Qe7 31.b4 Bd7 32.Nc5 Bc8
33.Nd3 Qg5 34.Bf4 Qh4 35.Bg3 Qg5 36.Re2 Bd7 37.Nc5 Bc8 38.Ne4 Qe7 39.Nc5 Qg5 40.Ref2
Qe7 41.Ne4 Bd7 42.Nc5 Bc8 43.Re2 1/2-1/2

[Event "2. Bundesliga West 2014/15"]
[Site "Diverse"]
[Date "2015.01.24"]
[Round "7"]
[Board "1"]
[White "Hertneck, Gerald"]
[Black "Wachinger, Guenther"]
[Result "1-0"]
[WhiteElo "2465"]
[BlackElo "2233"]
[PlyCount "101"]
[EventDate "2014.10.10"]
[EventType "team"]
[EventRounds "11"]
[EventCountry "AUT"]
[WhiteTeam "Sparkasse Neumarkt"]
[BlackTeam "HAK/HAS Innsbruck"]

1.d4 d5 2.c4 c6 3.Nf3 Nf6 4.Nc3 a6 5.e3 b5 6.c5 g6 7.Ne5 Bg7 8.Bd3 O-O 9.f4 Ne8 10.O-O
Be6 11.a4 b4 12.Ne2 Qc8 13.a5 f6 14.Nf3 Nd7 15.Ra4 Nc7 16.Ng3 Bf7 17.f5 e5 18.fxe6
Nxe6 19.Rxb4 f5 20.Bd2 Re8 21.Ne2 Bh6 22.Qe1 Nc7 23.Qf2 Nb5 24.Nf4 Qc7 25.Qh4 Bg7
26.g4 fxg4 27.Qxg4 Re7 28.Ra4 Rae8 29.Raa1 Be6 30.Nxe6 Rxe6 31.Ng5 Rf6 32.Qh3 Nf8
33.Rxf6 Bxf6 34.Nf3 Qe7 35.Qg4 Ne6 36.h4 Ng7 37.Kf2 Nh5 38.Rg1 Bg7 39.Ke2 Rf8 40.Kd1
Nf6 41.Qg5 Qb7 42.Ne5 Nc7 43.b4 Nb5 44.Rf1 Qc8 45.Kc2 Qe6 46.h5 Nxh5 47.Rxf8+ Bxf8
48.Qd8 Ng3 49.Nd7 Qf7 50.Bxb5 cxb5 51.c6 1-0

[Event "2. Bundesliga West 2014/15"]
[Site "Diverse"]
[Date "2015.01.24"]
[Round "7"]
[Board "2"]
[White "Niedermeier, Thomas"]
[Black "Sulava, Nenad"]
[Result "1/2-1/2"]
[WhiteElo "2194"]
[BlackElo "2441"]
[PlyCount "162"]
[EventDate "2014.10.10"]
[EventType "team"]
[EventRounds "11"]
[EventCountry "AUT"]
[WhiteTeam "HAK/HAS Innsbruck"]
[BlackTeam "Sparkasse Neumarkt"]

1.e4 c5 2.Nc3 a6 3.Nf3 e6 4.d4 cxd4 5.Nxd4 Qc7 6.Bd3 Nf6 7.O-O Nc6 8.Be3 Nxd4 9.Bxd4
Bc5 10.Bxc5 Qxc5 11.Qe2 d6 12.Kh1 e5 13.f4 O-O 14.f5 b5 15.a4 b4 16.Nd1 Bb7 17.Nf2
d5 18.Ng4 Nxg4 19.Qxg4 f6 20.exd5 Bxd5 21.a5 Rfd8 22.Rfc1 Rd6 23.c3 b3 24.Qe2 Qc6
25.Ra3 Rad8 26.Re1 Kf8 27.h3 Qc8 28.Be4 Bf7 29.Qe3 Rd2 30.Re2 Qd7 31.Kh2 Rxe2 32.Qxe2
Qd2 33.Bf3 Qxe2 34.Bxe2 Rd2 35.Bxa6 Bd5 36.Bf1 Rxb2 37.c4 Ba8 38.c5 Bd5 39.Ra4 Ra2
40.Rb4 Rxa5 41.Bc4 Bxc4 42.Rxc4 Ke7 43.Rb4 Rxc5 44.Rxb3 Kd6 45.Kg3 Rc7 46.Rd3+ Ke7
47.Ra3 g6 48.fxg6 hxg6 49.Ra6 Rc3+ 50.Kh4 Kf7 51.Ra7+ Ke6 52.Ra6+ Ke7 53.Rb6 Rd3 54.Ra6
Kf7 55.Rb6 Kg7 56.Rb7+ Kh6 57.Rb6 g5+ 58.Kg4 Kg6 59.Ra6 Rb3 60.Rc6 Rb4+ 61.Kf3 g4+
62.hxg4 Rf4+ 63.Kg3 Kg5 64.Kh3 Ra4 65.Rb6 Ra3+ 66.g3 Ra2 67.Rb8 Kg6 68.Rb6 Rf2 69.Re6
Kf7 70.Ra6 e4 71.Ra4 Re2 72.g5 f5 73.Ra6 Rf2 74.g6+ Kg7 75.Kh4 Kh6 76.g7+ Kxg7 77.Kg5
Kf7 78.g4 fxg4 79.Kxg4 e3 80.Ra3 e2 81.Re3 Kf6 1/2-1/2